US States That Voted Republican For Last Six Elections - Statistics

General Stats
  • This quiz has been taken 2,979 times
  • The average score is 13 of 15
Answer Stats
state % Correct
Texas
96%
Alabama
93%
North Dakota
91%
South Dakota
91%
Idaho
89%
Kansas
89%
Montana
89%
South Carolina
87%
Wyoming
87%
Oklahoma
86%
Mississippi
85%
Nebraska
84%
Utah
82%
Alaska
80%
Georgia
74%
No matching quizzes found
Score Distribution
Percent of People with Each Score
Percentile by Number Answered
Your Score History
You have not taken this quiz